000 00540nam a2200193Ia 4500
005 20250923145240.0
008 008 250917s9999 xx 000 0 eng d
037 _aTextual
040 _aDSWL
_beng
_cDSWL
041 _aeng
_2eng
084 _qDSWL
245 0 _aSocial & Economic processes in Tea Plantation
_cby Census of India 1961
260 _aNew Delhi
_b Registrar General Ministry of Home Affairs
_c1970
300 _a210p.
365 _aINR
_b6.00
925 _g6.00
942 _cTEXL
999 _c1448957
_d1448957